000 00290nam a2200121Ia 4500
008 191201s2008 xx 000 0 und d
100 _aKHURANA, Aashok
245 0 _aStatistics for Management
260 _aN. Delhi
_bS.Dinesh & Co
_c2008
300 _aMise.
650 _aMBA
942 _2ddc
_cBK
999 _c342
_d342